000 00870nam a2200265Ia 4500
001 Z_490
003 CHAP
008 220113s1983 xx 000 0 und d
010 _a163467
040 _cCHAP
090 _aTesis L 212
100 _aLópez Ardinez, José Francisco
_967665
245 _aEstudio de las principales características de la ganadería lechera en el municipio de Ocosingo, Chiapas; estudio basado en una encuesta por muestreo estadístico /
_cpor José Francisco López Ardinez
260 _aChapingo, Méx. :
_bEl autor,
_c1983
300 _a131 h.
502 _aTesis (Ing. Agrónomo Esp. en Zootecnia) -- UACH. Departamento de Zootecnia
650 _aChiapas
_xGanado lechero
_9137652
650 _aGanadería
_xChiapas
_944668
901 _aTESIS L 212
902 _aM
910 _a1983
942 _c2
942 _c2
999 _c163467
_d163467